000 00357nam a2200145Ia 4500
008 150201s2009 xx 000 0 und d
082 _a612.3
_bW09N
100 _aNIX , STACI
245 _aWILLIAM'S BASIC NUTRITION & DIET THERAPY
250 _a13TH
260 _bELSEVIER
_aDELHI
_c2009
300 _a554
650 _aNUTRITON & DIET
942 _2ddc
_cBK
_08
999 _c1998
_d1998